Szczegóły MARC21

Logistyka : wybrane zagadnienia do studiowania przedmiotu /

003 -Nazwa inst., której nr kontr. jest w polu 001 [,]
    • @
    • Nazwa instytucji, której n kontrolny jest w polu 001
    • NUKAT
005 -DATA I CZAS OSTATNIEJ MODYFIKACJI [,]
    • @
    • pole kontrolne
    • 20241231090430.0
020 -Międzynarod. znormalizowany nr książki - ISBN [ , ]
    • a
    • Numer ISBN
    • 8372411956 Find
040 -Instytucja sporządzająca opis [ , ]
    • a
    • Instytucja, która sporządziła opis (NP)
    • KR 93/11SWB
    • c
    • Instytucja, która sporządziła rekord (NP)
    • KR 93/11SWB
    • d
    • Instytucja, która zmodyfikowała rekord (P)
    • KR 93/MD
    • d
    • Instytucja, która zmodyfikowała rekord (P)
    • KR 93/MSs
942 -Rodzaj dokumentu [ , ]
    • c
    • Rodzaj dokumentu
    • Książka
100 -Hasło główne - nazwa osobowa [1, ]
    • a
    • Nazwa osobowa (NP)
    • Dembińska-Cyran, Izabela.
    • 9
    • KHW
    • 40763
245 -Strefa tytułu i oznaczenia odpowiedzialności [1,0]
    • a
    • Tytuł
    • Logistyka : Find
    • b
    • Ciąg dalszy tytułu (NP)
    • wybrane zagadnienia do studiowania przedmiotu / Find
    • c
    • Pozostałe elementy strefy tytułu i oznaczenia odpowiedzialności (NP)
    • Izabela Dembińska-Cyran, Mariusz Jedliński, Beata Milewska ; Uniwersytet Szczeciński.
260 -Strefa adresu wydawniczego [ , ]
    • a
    • Miejsce wydania (P)
    • Szczecin :
    • b
    • Nazwa wydawcy (P)
    • Wydaw. Naukowe US,
    • c
    • Data wydania (P)
    • 2001.
300 -Strefa opisu fizycznego [ , ]
    • a
    • Określenie formy książki i/lub objętość (NP)
    • 230 s. :
    • b
    • Oznaczenie ilustracji (NP)
    • wykr., tab. ;
    • c
    • Format (NP)
    • 24 cm.
336 -Typ zawartości [ , ]
    • a
    • Termin opisujący typ zawartości
    • Tekst
    • b
    • Kod określający zawartość
    • txt
    • 2
    • Źródło (terminu i kodu)
    • rdacontent
337 -Typ mediów [ , ]
    • a
    • Tryb odtwarzania
    • Bez urządzenia pośredniczącego
    • b
    • Kod typu mediów
    • n
    • 2
    • Źródło (terminu i kodu)
    • rdamedia
338 -Typ/rodzaj nośnika [ , ]
    • a
    • Hasło opisujące typ nośnika
    • Wolumin
    • b
    • Kod typu nośnika
    • nc
    • 2
    • Źródło (terminu i kodu)
    • rdacarrier
504 -Uwaga dot. bibliogr. załącznikowej [ , ]
    • a
    • Uwaga dot. bibliografii załącznikowej
    • Bibliogr. s. 227-228.
080 -Uniwersalna Klasyfikacja Dziesiętna [ , ]
    • a
    • Symbol klasyfikacji
    • 658.1/.5.011(07)
080 -Uniwersalna Klasyfikacja Dziesiętna [ , ]
    • a
    • Symbol klasyfikacji
    • :65.012.4(07)
650 -Hasło przedmiotowe [ ,7]
    • a
    • Hasło przedmiotowe
    • Logistyka (organizacja)
    • v
    • Określnik formalny
    • podręczniki akademickie.
    • 2
    • Źródło terminu
    • kaba
    • 9
    • KHW
    • 360728
980 -Symbol UKD [ , ]
    • a
    • UKD
    • 658.1/.5.011:65.012.4](07)
700 -Hasło dodatkowe - nazwa osobowa [1, ]
    • a
    • Nazwa osobowa (NP)
    • Jedliński, Mariusz. Find
    • 9
    • KHW
    • 40199
700 -Hasło dodatkowe - nazwa osobowa [1, ]
    • a
    • Nazwa osobowa (NP)
    • Milewska, Beata. Find
    • 9
    • KHW
    • 551310
710 -Hasło dodatkowe - nazwa ciała zbiorowego [2, ]
    • a
    • Nazwa ciała zbiorowego lub nazwa geograficzna jako pierwszy element (NP)
    • Uniwersytet Szczeciński.
    • b
    • Nazwa jednostki podrzędnej (P)
    • Wydawnictwo Naukowe.
    • 4
    • Kod relacji
    • pbl
    • 9
    • KHW
    • 51208
920 -ISBN [ , ]
    • a
    • ISBN
    • 83-7241-195-6 Find
Lokalizacja Data inwentaryzacji Sygnatura Numer inwentarzowy Status udost.
BE2002-01-18 E.68041-2
BE2002-01-18 S.88882-3
BE2002-01-18 S.88883-3
BG2002-01-18 Z.984301
T2002-01-18T.6281T.6281-6
T2002-01-18T.6282T.6282-3
T2002-01-18T.6283T.6283-6
T2002-01-18T.6284T.6284-6
T2002-01-18T.6285T.6285-6
T2002-01-18T.6286T.6286-6
T2002-01-18T.6287T.6287-6
T2002-01-18T.6288T.62882
T2002-01-18T.6289T.6289-6
T2002-01-18T.6290T.6290-6
T2002-01-18T.6291T.6291-6
T2002-01-18T.6292T.6292-6
T2002-08-09TM.216TM.216-6
T2002-08-09TM.217TM.217-6
T2002-08-09TM.218TM.218-6
T2002-08-09TM.219TM.219-6
T2002-08-09TM.220TM.220-6
T2002-08-09TM.221TM.221-6
T2002-08-09TM.222TM.222-6
T2002-08-09TM.223TM.223-6
T2002-08-09TM.224TM.224-6
T2002-08-09TM.225TM.225-6
T2002-08-09TM.226TM.226-6
T2003-04-22TM.1325TM.1325-6
T2003-04-22TM.1326TM.1326-6
T2003-04-22Tm.1327TM.1327-6
T2003-04-22TM.1328TM.1328-6
T2003-04-22TM.1329TM.1329-6
T2013-12-17TM.9891TM.9891-3